Loading...
| Literature - European Literature | 0 | 2 | 0 | 0 | 20 | 81 | 98.00 | 0 | 2 |
| Science - Other Science | 0 | 2 | 0 | 0 | 20 | 97 | 99.50 | 0 | 2 |
| Fine Arts - Other Fine Arts | 0 | 2 | 0 | 0 | 20 | 78 | 101.00 | 0 | 2 |
| Literature - American Literature | 0 | 2 | 0 | 0 | 20 | 108 | 119.00 | 0 | 2 |
| Current Events | 1 | 0 | 0 | 0 | 15 | 44 | 44.00 | 1 | 1 |
| Social Science | 1 | 0 | 1 | 0 | 10 | 57 | 57.00 | 1 | 1 |
| Fine Arts - Visual Fine Arts | 0 | 1 | 0 | 0 | 10 | 80 | 80.00 | 0 | 1 |
| Pop Culture | 0 | 1 | 0 | 0 | 10 | 116 | 116.00 | 0 | 1 |
| Religion | 0 | 1 | 0 | 1 | 10 | 129 | 129.00 | 0 | 0 |
| Science - Biology | 0 | 1 | 0 | 0 | 10 | 110 | 110.00 | 0 | 0 |
| Philosophy | 0 | 1 | 1 | 0 | 5 | 118 | 118.00 | 0 | 0 |
| Fine Arts - Auditory Fine Arts | 0 | 1 | 1 | 0 | 5 | 117 | 117.00 | 0 | 1 |
| Literature - World Literature | 0 | 1 | 1 | 0 | 5 | 128 | 128.00 | 0 | 0 |